Titres de Ven1 - mort subite - Statistiques

Statistiques générales
  • Ce quiz a été pris 65 fois
  • Le résultat moyen est 3 sur 6
Answers on the Grid
Answers color-coded by a green-red scale on the quiz's grid according to % correct below.
Hakayet
Sorry
Sun
All-in
All-inclusive
Bougie
Fleurs
Fleur
X
GTA
Phénomène
Génération
 
Statistiques - réponses
Réponse % Correct
Hakayet
100%
Bougie
56%
Sun
53%
All-in
44%
Fleur
44%
X
34%
Aucun quiz correspondant
Distribution des résultats
% des personnes avec chaque résultat
Percentile par nombre de réponses
Votre historique - résultats
Vous n’avez pas pris ce quiz